[Event "Karl Mala Memorial op-A 16th"]
[Site "Frankfurt"]
[Date "2013.07.12"]
[Round "3"]
[White "Erdmann, Stefan"]
[Black "Poetsch, Hagen"]
[Result "0-1"]
[WhiteElo "2183"]
[BlackElo "2431"]
[PlyCount "72"]
[EventDate "2013.07.11"]
[EventType "swiss"]
[EventRounds "7"]
[EventCountry "GER"]
[SourceTitle "EXT 2014"]
[Source "ChessBase"]
[SourceDate "2013.11.20"]
[SourceVersion "1"]
[SourceVersionDate "2013.11.20"]
[SourceQuality "1"]

1. d4 Nf6 2. c4 e6 3. g3 c5 4. d5 exd5 5. cxd5 d6 6. Nc3 g6 7. Bg2 Bg7 8. Nf3 0-0 9. 0-0 Re8 10. Bf4 Na6 11. Re1 Nc7 12. a4 Ne4 13. Ra3 Bf5 14. Nd2 Nxc3 15. bxc3 g5 16. Be3 b5 17. Nf3 h6 18. Qd2 Qd7 19. h4 b4 20. cxb4 cxb4 21. Qxb4 Nxd5 22. Qd2 Nxe3 23. Rxe3 Rxe3 24. Qxe3 Re8 25. Qd2 g4 26. Nd4 Be4 27. a5 Bxg2 28. Kxg2 Qa4 29. Rd1 Re5 30. Rb1 Rd5 31. Rb8+ Kh7 32. Qd3+ f5 33. e3 Bxd4 34. Rb7+ Kg6 35. e4 Qa2 36. exf5+ Kh5 0-1

[Event "Karl Mala Memorial op-A 16th"]
[Site "Frankfurt"]
[Date "2013.07.12"]
[Round "2"]
[White "Guth, Wolf Dietrich"]
[Black "Erdmann, Stefan"]
[Result "0-1"]
[WhiteElo "1973"]
[BlackElo "2183"]
[PlyCount "44"]
[EventDate "2013.07.11"]
[EventType "swiss"]
[EventRounds "7"]
[EventCountry "GER"]
[SourceTitle "EXT 2014"]
[Source "ChessBase"]
[SourceDate "2013.11.20"]
[SourceVersion "1"]
[SourceVersionDate "2013.11.20"]
[SourceQuality "1"]

1. d4 d5 2. c4 c6 3. Nf3 Nf6 4. Nc3 a6 5. a4 e6 6. Bg5 a5 7. e3 Be7 8. Bd3 Na6 9. 0-0 Nb4 10. Be2 0-0 11. Na2 b6 12. Ne5 Bb7 13. Nxb4 axb4 14. cxd5 exd5 15. f4 Ne4 16. Bxe7 Qxe7 17. Rc1 Rac8 18. a5 bxa5 19. Qa4 f6 20. Nxc6 Bxc6 21. Rxc6 Nd2 22. Kf2 Rfe8 0-1

[Event "Karl Mala Memorial op-A 16th"]
[Site "Frankfurt"]
[Date "2013.07.11"]
[Round "1"]
[White "Erdmann, Stefan"]
[Black "Blank, Stefan"]
[Result "1-0"]
[WhiteElo "2183"]
[BlackElo "1895"]
[PlyCount "91"]
[EventDate "2013.07.11"]
[EventType "swiss"]
[EventRounds "7"]
[EventCountry "GER"]
[SourceTitle "EXT 2014"]
[Source "ChessBase"]
[SourceDate "2013.11.20"]
[SourceVersion "1"]
[SourceVersionDate "2013.11.20"]
[SourceQuality "1"]

1. d4 Nf6 2. c4 c5 3. d5 b5 4. Qc2 g6 5. e4 d6 6. cxb5 a6 7. a4 Bg7 8. Nf3 0-0 9. Na3 Bb7 10. Bd3 Nbd7 11. 0-0 Ng4 12. Bd2 Nge5 13. Nxe5 Nxe5 14. bxa6 Bxa6 15. Bxa6 Rxa6 16. Bc3 f5 17. f4 Ng4 18. Bxg7 Kxg7 19. exf5 gxf5 20. h3 Nh6 21. Nc4 Qa8 22. Rfd1 Rb8 23. b3 Qb7 24. Rd3 Kf7 25. Qe2 Rg8 26. Qe6+ Kg7 27. Rg3+ Kh8 28. Rxg8+ Nxg8 29. Ra3 Nf6 30. Qxf5 Ra8 31. Nxd6 Qxd5 32. Qxd5 Nxd5 33. Ne4 Nxf4 34. Nxc5 Rg8 35. Ra2 Nxh3+ 36. Kh2 Nf4 37. b4 Nd5 38. b5 Rc8 39. Nd7 Rc7 40. Ne5 Nc3 41. Ra3 Nb1 42. Rg3 h6 43. b6 Rb7 44. a5 Nd2 45. Rg6 Ne4 46. a6 1-0

[Event "Karl Mala Memorial op 15th"]
[Site "Frankfurt"]
[Date "2012.07.08"]
[Round "6"]
[White "Erdmann, Stefan"]
[Black "Perlitz, Sven"]
[Result "1-0"]
[WhiteElo "2171"]
[BlackElo "2085"]
[PlyCount "85"]
[EventDate "2012.07.05"]
[EventType "swiss"]
[EventRounds "7"]
[EventCountry "GER"]
[SourceTitle "CBM 149 Extra"]
[Source "ChessBase"]
[SourceDate "2012.08.24"]
[SourceVersion "1"]
[SourceVersionDate "2012.08.24"]
[SourceQuality "1"]

1. d4 Nf6 2. c4 g6 3. Nc3 d5 4. cxd5 Nxd5 5. e4 Nxc3 6. bxc3 Bg7 7. Nf3 c5 8. Rb1 0-0 9. Be2 b6 10. 0-0 Bb7 11. Qd3 Nd7 12. Bg5 Qc7 13. e5 f6 14. exf6 exf6 15. Bh4 Qc6 16. Rfd1 Qe4 17. Qd2 Rac8 18. Bc4+ Bd5 19. Qd3 Kh8 20. Bxd5 Qxd5 21. c4 Qh5 22. d5 f5 23. Be7 Rfe8 24. d6 f4 25. Qe4 Qg4 26. h3 Qf5 27. Qxf5 gxf5 28. Rd5 Bf8 29. Re1 b5 30. Rxf5 bxc4 31. Rxf4 c3 32. Bxf8 Rxf8 33. Rc4 Rf6 34. Ng5 h6 35. Ne4 Re6 36. Rxc3 Nf6 37. Rce3 Nd5 38. Ra3 Nf6 39. f3 Ra8 40. Ra6 Nd5 41. Rc6 Nb4 42. Rc7 Rd8 43. Rd1 1-0

[Event "Karl Mala Memorial op 15th"]
[Site "Frankfurt"]
[Date "2012.07.07"]
[Round "4"]
[White "Erdmann, Stefan"]
[Black "Beck, Michael"]
[Result "1/2-1/2"]
[WhiteElo "2171"]
[BlackElo "1983"]
[PlyCount "161"]
[EventDate "2012.07.05"]
[EventType "swiss"]
[EventRounds "7"]
[EventCountry "GER"]
[SourceTitle "CBM 149 Extra"]
[Source "ChessBase"]
[SourceDate "2012.08.24"]
[SourceVersion "1"]
[SourceVersionDate "2012.08.24"]
[SourceQuality "1"]

1. d4 Nf6 2. c4 g6 3. Nc3 Bg7 4. e4 d6 5. f4 0-0 6. Nf3 Nbd7 7. e5 Ne8 8. c5 dxc5 9. dxc5 c6 10. Bc4 Nc7 11. Be3 e6 12. 0-0 Nd5 13. Nxd5 exd5 14. Bd3 Qe7 15. Qc1 Re8 16. Bd4 Nf8 17. b4 Bg4 18. Qc3 Qd7 19. Rae1 Bf5 20. h3 Bxd3 21. Qxd3 Ne6 22. Nh4 Qe7 23. g3 a5 24. a3 axb4 25. axb4 Ra2 26. Nf3 Qd7 27. Qb3 Rea8 28. Bb2 Nc7 29. Kg2 Nb5 30. Ra1 Rxa1 31. Rxa1 Rxa1 32. Bxa1 Qf5 33. Nd2 h6 34. Qb1 Qxb1 35. Nxb1 Bf8 36. Bb2 Be7 37. Nd2 Bd8 38. Nb3 Kf8 39. Kf3 Ke7 40. g4 Ke6 41. Nc1 Be7 42. Nd3 Bh4 43. f5+ Ke7 44. Ke2 Bg5 45. Kf2 Bh4+ 46. Kf3 Bg5 47. Kg3 Bd2 48. h4 Nc3 49. Bxc3 Bxc3 50. h5 g5 51. Kf3 Bd4 52. Ke2 Bg1 53. Kd2 Bd4 54. Kc2 b5 55. cxb6 Bxb6 56. Kc3 Kd7 57. Nb2 Bf2 58. Nd3 Bb6 59. Ne1 Bf2 60. Nf3 Bg3 61. Kb3 Bf4 62. Ka4 d4 63. Kb3 d3 64. Kc3 d2 65. Nxd2 Bxe5+ 66. Kc4 Bf4 67. Ne4 Be3 68. b5 cxb5+ 69. Kxb5 Ke7 70. Kc6 Bd4 71. Kd5 Bb2 72. Nd6 Bc3 73. Nb5 Bb2 74. Na7 Bc3 75. Nc8+ Kd7 76. Nb6+ Ke7 77. Ke4 Kd6 78. Nd5 Bb2 79. f6 Ke6 80. Ne7 Ba3 81. Nd5 1/2-1/2

[Event "Karl Mala Memorial op 15th"]
[Site "Frankfurt"]
[Date "2012.07.06"]
[Round "3"]
[White "Kobs, Stephan"]
[Black "Erdmann, Stefan"]
[Result "1/2-1/2"]
[WhiteElo "2035"]
[BlackElo "2171"]
[PlyCount "49"]
[EventDate "2012.07.05"]
[EventType "swiss"]
[EventRounds "7"]
[EventCountry "GER"]
[SourceTitle "CBM 149 Extra"]
[Source "ChessBase"]
[SourceDate "2012.08.24"]
[SourceVersion "1"]
[SourceVersionDate "2012.08.24"]
[SourceQuality "1"]

1. e4 c5 2. Nf3 Nc6 3. d4 cxd4 4. Nxd4 Nf6 5. Nc3 d6 6. Bc4 Qb6 7. Nb3 e6 8. Be3 Qc7 9. Be2 Be7 10. 0-0 0-0 11. f4 a6 12. a4 b6 13. g4 Bb7 14. g5 Nd7 15. Bd3 Nb4 16. Qh5 g6 17. Qh6 d5 18. Rf3 f5 19. Rh3 Rf7 20. Bd4 Nf8 21. exf5 exf5 22. Bxf5 Qxf4 23. Bxg6 Nxg6 24. Qxg6+ Kf8 25. Rxh7 1/2-1/2

[Event "Karl Mala Memorial op 15th"]
[Site "Frankfurt"]
[Date "2012.07.05"]
[Round "1"]
[White "Pham, Tran Phuong Bao"]
[Black "Erdmann, Stefan"]
[Result "1/2-1/2"]
[WhiteElo "1791"]
[BlackElo "2171"]
[PlyCount "89"]
[EventDate "2012.07.05"]
[EventType "swiss"]
[EventRounds "7"]
[EventCountry "GER"]
[SourceTitle "CBM 149 Extra"]
[Source "ChessBase"]
[SourceDate "2012.08.24"]
[SourceVersion "1"]
[SourceVersionDate "2012.08.24"]
[SourceQuality "1"]

1. c4 c5 2. g3 g6 3. Bg2 Bg7 4. Nc3 Nc6 5. Nf3 Nf6 6. d4 cxd4 7. Nxd4 0-0 8. 0-0 Ng4 9. e3 d6 10. b3 Nxd4 11. exd4 Nh6 12. Bb2 Nf5 13. Nd5 Rb8 14. a4 e6 15. Ne3 a6 16. Nxf5 gxf5 17. Qd3 Bd7 18. a5 b5 19. axb6 Qxb6 20. Ra3 Bc6 21. Bxc6 Qxc6 22. Rfa1 Qe4 23. Qxe4 fxe4 24. Bc3 Rfc8 25. Kf1 d5 26. c5 e5 27. dxe5 Rxc5 28. Bd4 Rcb5 29. Rxa6 Rxb3 30. R1a5 Rb1+ 31. Ke2 Bf8 32. Ra8 h5 33. Rxb8 Rxb8 34. Rxd5 Bh6 35. Ra5 Rb4 36. Rd5 Ra4 37. Kf1 h4 38. Kg2 hxg3 39. hxg3 Ra2 40. Rd8+ Kh7 41. Kh3 Ra4 42. Be3 Bxe3 43. fxe3 Ra3 44. Kg4 Rxe3 45. Rd4 1/2-1/2